[Event "Zalakaros op 29th"]
[Site "Zalakaros"]
[Date "2010.06.03"]
[Round "9"]
[White "Sonnberger, Reinhard"]
[Black "Kincs, Imre"]
[Result "0-1"]
[WhiteElo "2224"]
[BlackElo "2259"]
[PlyCount "94"]
[EventDate "2010.05.26"]
[EventType "swiss"]
[EventRounds "9"]
[EventCountry "HUN"]
[SourceTitle "CBM 136 Extra"]
[Source "ChessBase"]
[SourceDate "2010.07.02"]
[SourceVersion "2"]
[SourceVersionDate "2010.07.15"]
[SourceQuality "1"]

1. d4 Nf6 2. c4 e6 3. Nf3 b6 4. Nc3 Bb7 5. g3 Bb4 6. Bg2 Ne4 7. Bd2 Bxc3 8. Bxc3 Nxc3 9. bxc3 0-0 10. 0-0 d6 11. Qc2 f5 12. Nd2 Bxg2 13. Kxg2 e5 14. a4 Qf6 15. e3 Nc6 16. f4 e4 17. Nb3 Ne7 18. a5 Qf7 19. Nd2 Nc6 20. axb6 cxb6 21. Ra4 Rfc8 22. Nb3 Ne7 23. Rfa1 Rc7 24. R1a3 h5 25. Qa2 Rxc4 26. Rxc4 Qxc4 27. Nd2 Qxa2 28. Rxa2 Nd5 29. Nc4 Nxc3 30. Ra3 Nb5 31. Rb3 Rc8 32. Nxb6 Rc2+ 33. Kh3 Nxd4 34. exd4 axb6 35. Rxb6 Kf7 36. Rxd6 Rd2 37. Kh4 e3 38. Rd5 Rxh2+ 39. Kg5 g6 40. Re5 h4 41. g4 Rg2 42. Rxe3 Rxg4+ 43. Kh6 Rxf4 44. Ra3 Rxd4 45. Ra7+ Kf6 46. Ra6+ Ke5 47. Kxg6 Rd6+ 0-1

[Event "Zalakaros op 29th"]
[Site "Zalakaros"]
[Date "2010.06.01"]
[Round "7"]
[White "Sonnberger, Reinhard"]
[Black "Vincze, Robert"]
[Result "1-0"]
[WhiteElo "2224"]
[BlackElo "2127"]
[PlyCount "70"]
[EventDate "2010.05.26"]
[EventType "swiss"]
[EventRounds "9"]
[EventCountry "HUN"]
[SourceTitle "CBM 136 Extra"]
[Source "ChessBase"]
[SourceDate "2010.07.02"]
[SourceVersion "2"]
[SourceVersionDate "2010.07.15"]
[SourceQuality "1"]

1. d4 Nf6 2. Nf3 d5 3. g3 g6 4. Bg2 Bg7 5. 0-0 0-0 6. c4 c6 7. Nc3 dxc4 8. h3 Nd5 9. e4 Nxc3 10. bxc3 Nd7 11. Qe2 b5 12. a4 Nb6 13. axb5 cxb5 14. Bf4 Bb7 15. Qe3 Na4 16. Rfb1 Bc6 17. Bh6 Bxh6 18. Qxh6 f6 19. d5 Nxc3 20. dxc6 Nxb1 21. Rxb1 Rb8 22. Bf1 Qd6 23. Rxb5 Qxc6 24. Nd4 Qc8 25. Rxb8 Qxb8 26. Bxc4+ Kh8 27. Ne6 Rg8 28. Kg2 a5 29. Bd5 a4 30. Qe3 Qb4 31. Qh6 Qb8 32. Nc5 Rg7 33. Nxa4 e6 34. Bxe6 Qb4 35. Qf4 Qxa4 1-0

[Event "Zalakaros op 29th"]
[Site "Zalakaros"]
[Date "2010.05.31"]
[Round "6"]
[White "Gaal, Ede"]
[Black "Sonnberger, Reinhard"]
[Result "1/2-1/2"]
[WhiteElo "2110"]
[BlackElo "2224"]
[PlyCount "114"]
[EventDate "2010.05.26"]
[EventType "swiss"]
[EventRounds "9"]
[EventCountry "HUN"]
[SourceTitle "CBM 136 Extra"]
[Source "ChessBase"]
[SourceDate "2010.07.02"]
[SourceVersion "2"]
[SourceVersionDate "2010.07.15"]
[SourceQuality "1"]

1. e4 c6 2. d4 d5 3. e5 Bf5 4. Nf3 e6 5. Be2 c5 6. Be3 Qb6 7. Nc3 Qxb2 8. Qb1 Qxb1+ 9. Rxb1 c4 10. Rxb7 Nc6 11. Nb5 Rb8 12. Rxb8+ Nxb8 13. Kd2 a6 14. Na7 Bb4+ 15. c3 Ba5 16. Nh4 Ne7 17. Nxf5 Nxf5 18. Rb1 0-0 19. Rb7 h6 20. Bd1 Rd8 21. g3 Kf8 22. Ba4 f6 23. exf6 gxf6 24. g4 Nd6 25. Bxh6+ Kg8 26. Rg7+ Kh8 27. f3 e5 28. Re7 exd4 29. Bg7+ Kg8 30. Bxf6 dxc3+ 31. Kc1 Bb6 32. Rg7+ Kf8 33. Bxd8 Be3+ 34. Kc2 Kxg7 35. Bc7 Nb7 36. Bxb8 Nc5 37. Be5+ Kh6 38. Bc6 d4 39. f4 Nd3 40. g5+ Kh5 41. Bf3+ Kh4 42. Bd1 Nf2 43. Bxd4 Bxd4 44. Nc6 Bg7 45. Ne5 Bxe5 46. fxe5 Kxg5 47. Bf3 Nd3 48. Kxc3 Nxe5 49. Bd5 a5 50. Bxc4 Nc6 51. Bb5 Nb4 52. a3 Kh4 53. Bf1 Kg5 54. Kc4 Nc2 55. a4 Ne3+ 56. Kb5 Nxf1 57. Kxa5 Ne3 1/2-1/2

[Event "Zalakaros op 29th"]
[Site "Zalakaros"]
[Date "2010.05.30"]
[Round "5"]
[White "Sonnberger, Reinhard"]
[Black "Rigo, Janos"]
[Result "0-1"]
[WhiteElo "2224"]
[BlackElo "2340"]
[PlyCount "91"]
[EventDate "2010.05.26"]
[EventType "swiss"]
[EventRounds "9"]
[EventCountry "HUN"]
[SourceTitle "CBM 136 Extra"]
[Source "ChessBase"]
[SourceDate "2010.07.02"]
[SourceVersion "2"]
[SourceVersionDate "2010.07.15"]
[SourceQuality "1"]

1. d4 Nf6 2. Nf3 b6 3. g3 Ba6 4. Bg2 d5 5. 0-0 e6 6. b3 b5 7. Ne5 Bd6 8. c4 c6 9. Nc3 b4 10. Na4 Nfd7 11. Nxd7 Nxd7 12. c5 Be7 13. Re1 f5 14. f3 0-0 15. e4 Bb5 16. e5 g5 17. f4 g4 18. Kf2 h5 19. h3 Kg7 20. hxg4 hxg4 21. Bd2 a5 22. Rh1 Qc7 23. Qc2 Rh8 24. Rae1 Qa7 25. Qc1 Bxa4 26. bxa4 Bxc5 27. dxc5 Nxc5 28. Ke2 Qa6+ 29. Kd1 Nd3 30. Rxh8 Nxc1 31. Rxa8 Qxa8 32. Kxc1 c5 33. Be3 Qc6 34. Kb1 c4 35. Bd4 Qxa4 36. Bxd5 b3 37. axb3 cxb3 38. Bb2 exd5 39. e6+ Kf8 40. Re3 Ke7 41. Re2 Qb4 42. Re3 a4 43. Rc3 Kxe6 44. Re3+ Kd7 45. Re5 Qd2 46. Bc3 0-1

[Event "Zalakaros op 29th"]
[Site "Zalakaros"]
[Date "2010.05.26"]
[Round "1"]
[White "Sonnberger, Reinhard"]
[Black "Goczo, Melinda"]
[Result "1/2-1/2"]
[WhiteElo "2224"]
[BlackElo "2234"]
[PlyCount "58"]
[EventDate "2010.05.26"]
[EventType "swiss"]
[EventRounds "9"]
[EventCountry "HUN"]
[SourceTitle "CBM 136 Extra"]
[Source "ChessBase"]
[SourceDate "2010.07.02"]
[SourceVersion "2"]
[SourceVersionDate "2010.07.15"]
[SourceQuality "1"]

1. d4 Nf6 2. Nf3 e6 3. g3 c5 4. Bg2 Nc6 5. 0-0 cxd4 6. Nxd4 Qb6 7. Nb3 d5 8. Be3 Qc7 9. Nc3 Be7 10. Nb5 Qd8 11. c4 0-0 12. Rc1 dxc4 13. Rxc4 Nd5 14. Bc5 a6 15. N5d4 Na5 16. Nxa5 Qxa5 17. b4 Qxa2 18. Rc2 Qa3 19. Bxe7 Nxe7 20. Qb1 e5 21. Rfc1 exd4 22. Ra2 Bf5 23. Rxa3 Bxb1 24. Rxb1 Nc6 25. Bxc6 bxc6 26. Rc1 Rab8 27. Rxa6 Rxb4 28. Raxc6 Re8 29. Rc8 Kf8 1/2-1/2

[Event "Weiz op 9th"]
[Site "Weiz"]
[Date "2010.04.17"]
[Round "4"]
[White "Sonnberger, Reinhard"]
[Black "Koller, Hubert"]
[Result "1-0"]
[WhiteElo "2224"]
[BlackElo "2099"]
[PlyCount "77"]
[EventDate "2010.04.15"]
[EventType "swiss"]
[EventRounds "5"]
[EventCountry "AUT"]
[SourceTitle "CBM 136 Extra"]
[Source "ChessBase"]
[SourceDate "2010.07.02"]
[SourceVersion "2"]
[SourceVersionDate "2010.07.15"]
[SourceQuality "1"]

1. d4 e5 2. dxe5 Nc6 3. Nf3 g6 4. Bg5 Be7 5. Bf4 f6 6. exf6 Bxf6 7. c3 d5 8. e3 Nge7 9. Bd3 Be6 10. 0-0 Qd7 11. Nd4 Bf7 12. Nd2 0-0 13. N2f3 Kg7 14. Qc2 h6 15. Bg3 Rad8 16. Rad1 a6 17. Rfe1 Nc8 18. Nxc6 Qxc6 19. Ne5 Bxe5 20. Bxe5+ Kg8 21. e4 Ne7 22. Re3 dxe4 23. Bxe4 Rxd1+ 24. Qxd1 Bd5 25. Qd4 Bxe4 26. Qxe4 Rd8 27. Qc2 Qd5 28. Bd4 Nf5 29. Re5 Qxa2 30. h3 Qf7 31. Qe4 c6 32. Re6 Nxd4 33. Rxg6+ Kf8 34. Rxh6 Qg7 35. Qf4+ Kg8 36. cxd4 Rxd4 37. Qb8+ Kf7 38. Qxb7+ Kg8 39. Qxg7+ 1-0

[Event "Weiz op 9th"]
[Site "Weiz"]
[Date "2010.04.16"]
[Round "2"]
[White "Sonnberger, Reinhard"]
[Black "Kragelj, Igor"]
[Result "0-1"]
[WhiteElo "2224"]
[BlackElo "2226"]
[PlyCount "90"]
[EventDate "2010.04.15"]
[EventType "swiss"]
[EventRounds "5"]
[EventCountry "AUT"]
[SourceTitle "CBM 136 Extra"]
[Source "ChessBase"]
[SourceDate "2010.07.02"]
[SourceVersion "2"]
[SourceVersionDate "2010.07.15"]
[SourceQuality "1"]

1. d4 Nf6 2. g3 d5 3. Bg2 c6 4. Nf3 Bg4 5. 0-0 Nbd7 6. c4 e6 7. cxd5 cxd5 8. Nc3 Be7 9. Bf4 0-0 10. Qb3 Qb6 11. Qxb6 Nxb6 12. Rac1 a6 13. Ne5 Bf5 14. h3 h6 15. g4 Bh7 16. Bg3 Rac8 17. f4 Nc4 18. Nxc4 Rxc4 19. e3 Rfc8 20. Rcd1 Bb4 21. Be1 Bc2 22. Ra1 Bxc3 23. Bxc3 Be4 24. Rf2 Bxg2 25. Rxg2 Ne4 26. Ba5 Rc2 27. Bc3 Rxg2+ 28. Kxg2 Rc4 29. Rb1 b5 30. Be1 Rc2+ 31. Kf1 Rh2 32. a4 bxa4 33. Ra1 Nd2+ 34. Bxd2 Rh1+ 35. Ke2 Rxa1 36. h4 Ra2 37. Bc3 a3 38. Kd2 Rxb2+ 39. Bxb2 axb2 40. Kc2 Kf8 41. Kxb2 Ke7 42. Kb3 Kd7 43. Ka4 Kc6 44. Ka5 Kb7 45. f5 g5 0-1

[Event "Oberliga Wuerttemberg 0809"]
[Site "Wuerttemberg"]
[Date "2009.03.01"]
[Round "7.4"]
[White "Fricker, Thomas"]
[Black "Sonnberger, Reinhard"]
[Result "1-0"]
[WhiteElo "2166"]
[BlackElo "2159"]
[PlyCount "87"]
[EventDate "2008.10.12"]
[EventType "team-tourn"]
[EventRounds "9"]
[EventCountry "GER"]
[SourceTitle "EXT 2019"]
[Source "ChessBase"]
[SourceDate "2018.10.10"]
[SourceVersion "1"]
[SourceVersionDate "2018.10.10"]
[SourceQuality "1"]
[WhiteTeam "Bebenhausen"]
[BlackTeam "Tuebingen"]
[WhiteTeamCountry "GER"]
[BlackTeamCountry "GER"]

1. d4 d5 2. c4 e6 3. cxd5 exd5 4. Nc3 Nf6 5. Bg5 Be7 6. e3 Be6 7. Bd3 Nbd7 8. Nge2 c5 9. 0-0 0-0 10. Rc1 Rc8 11. Ng3 cxd4 12. exd4 h6 13. Bf4 Re8 14. Nf5 a6 15. Nxe7+ Rxe7 16. Na4 b5 17. Nc5 Nxc5 18. dxc5 Rc6 19. b4 Qc8 20. a4 bxa4 21. Qxa4 Bd7 22. Rfd1 Rxc5 23. Rxc5 Qxc5 24. Qxd7 Qxb4 25. Qc8+ Re8 26. Qc1 Ne4 27. Qc6 Nf6 28. Bd2 Qd4 29. Be3 Rxe3 30. fxe3 Qxe3+ 31. Kh1 Qe6 32. Qxe6 fxe6 33. Bxa6 Kf7 34. Bb7 Ke7 35. Kg1 Kd6 36. Kf2 e5 37. h3 Ne4+ 38. Ke3 Nc3 39. Ra1 e4 40. Ra3 Ke5 41. Ra5 Kd6 42. Ba6 Ke5 43. Bf1 g6 44. Ba6 1-0

[Event "Oberliga Wuerttemberg 0809"]
[Site "Wuerttemberg"]
[Date "2009.02.01"]
[Round "6.4"]
[White "Sonnberger, Reinhard"]
[Black "Brenner, Markus"]
[Result "1/2-1/2"]
[WhiteElo "2159"]
[BlackElo "2091"]
[PlyCount "30"]
[EventDate "2008.10.12"]
[EventType "team-tourn"]
[EventRounds "9"]
[EventCountry "GER"]
[SourceTitle "EXT 2019"]
[Source "ChessBase"]
[SourceDate "2018.10.10"]
[SourceVersion "1"]
[SourceVersionDate "2018.10.10"]
[SourceQuality "1"]
[WhiteTeam "Tuebingen"]
[BlackTeam "Deizisau"]
[WhiteTeamCountry "GER"]
[BlackTeamCountry "GER"]

1. e4 c5 2. c3 Nf6 3. e5 Nd5 4. d4 cxd4 5. Nf3 e6 6. cxd4 d6 7. Bd3 Nb4 8. Be2 dxe5 9. a3 e4 10. Ng5 Nd3+ 11. Bxd3 exd3 12. Qxd3 Be7 13. Nf3 0-0 14. 0-0 Nd7 15. Nc3 b6 1/2-1/2

[Event "Oberliga Wuerttemberg 0809"]
[Site "Wuerttemberg"]
[Date "2008.11.30"]
[Round "3.4"]
[White "Weiss, Andreas"]
[Black "Sonnberger, Reinhard"]
[Result "1/2-1/2"]
[WhiteElo "2160"]
[BlackElo "2159"]
[PlyCount "162"]
[EventDate "2008.10.12"]
[EventType "team-tourn"]
[EventRounds "9"]
[EventCountry "GER"]
[SourceTitle "EXT 2019"]
[Source "ChessBase"]
[SourceDate "2018.10.10"]
[SourceVersion "1"]
[SourceVersionDate "2018.10.10"]
[SourceQuality "1"]
[WhiteTeam "Schwaebisch Gmuend"]
[BlackTeam "Tuebingen"]
[WhiteTeamCountry "GER"]
[BlackTeamCountry "GER"]

1. e4 e5 2. Nf3 Nf6 3. Nxe5 d6 4. Nf3 Nxe4 5. Qe2 Qe7 6. d3 Nf6 7. Bg5 Qxe2+ 8. Bxe2 Be7 9. Nc3 c6 10. 0-0-0 Na6 11. Rhe1 Nc7 12. Ne4 Nxe4 13. dxe4 Bxg5+ 14. Nxg5 f6 15. Nf3 Ke7 16. Nd4 g6 17. f4 Ne6 18. Nxe6 Bxe6 19. Bf3 Rhd8 20. b3 Rd7 21. h4 Rg8 22. c4 Kd8 23. g4 h6 24. Rd2 Kc7 25. f5 gxf5 26. exf5 Bf7 27. Kc2 h5 28. Rg2 hxg4 29. Rxg4 Rh8 30. Rf4 Bh5 31. Bxh5 Rxh5 32. Re6 Rh6 33. Kd3 Rg7 34. a4 Rgh7 35. Ree4 Kd7 36. Ke3 d5 37. cxd5 cxd5 38. Rd4 Kd6 39. Kf3 Ke5 40. Rb4 Rh5 41. Rb5 a6 42. Rbb4 Rxf5 43. Rxf5+ Kxf5 44. a5 Ke5 45. Ke3 f5 46. h5 Rxh5 47. Rxb7 f4+ 48. Ke2 Rh2+ 49. Kf3 Rh3+ 50. Ke2 Ke4 51. Re7+ Kd4 52. Rf7 Re3+ 53. Kf2 Rxb3 54. Rxf4+ Ke5 55. Ra4 d4 56. Ra1 Ke4 57. Re1+ Kf4 58. Re6 Rb2+ 59. Ke1 Ra2 60. Rxa6 Ke3 61. Re6+ Kd3 62. a6 Ra1+ 63. Kf2 Kd2 64. Re2+ Kc3 65. Re6 d3 66. Rc6+ Kd2 67. Rd6 Ra5 68. Kf3 Ra4 69. Rc6 Kd1 70. Kf2 Ra2+ 71. Ke3 Ra3 72. Rd6 d2+ 73. Kf2 Ra4 74. Ke3 Ra3+ 75. Kf2 Ra5 76. Ke3 Re5+ 77. Kd4 Ra5 78. Kc3 Ra2 79. Kb3 Ra1 80. Kc3 Rc1+ 81. Kb4 Ra1 1/2-1/2

[Event "Oberliga Wuerttemberg 0708"]
[Site "Wuerttemberg"]
[Date "2008.03.09"]
[Round "7.4"]
[White "Junger, Werner"]
[Black "Sonnberger, Reinhard"]
[Result "1/2-1/2"]
[WhiteElo "2090"]
[BlackElo "2215"]
[PlyCount "48"]
[EventDate "2007.10.07"]
[EventType "team-tourn"]
[EventRounds "9"]
[EventCountry "GER"]
[SourceTitle "EXT 2018"]
[Source "ChessBase"]
[SourceDate "2017.10.13"]
[SourceVersion "1"]
[SourceVersionDate "2017.10.13"]
[SourceQuality "1"]
[WhiteTeam "Ebersbach"]
[BlackTeam "Tuebingen"]
[WhiteTeamCountry "GER"]
[BlackTeamCountry "GER"]

1. e4 c6 2. d4 d5 3. e5 Bf5 4. Nf3 e6 5. Be2 h6 6. Be3 Ne7 7. Nbd2 Nd7 8. Nb3 Bh7 9. 0-0 Nf5 10. Bc1 h5 11. Ng5 Bg6 12. Nh3 h4 13. Bg5 f6 14. exf6 gxf6 15. Bd2 Qc7 16. Bf4 Bd6 17. Qd2 0-0-0 18. c4 Rdg8 19. cxd5 exd5 20. Rac1 Ne7 21. Bxd6 Qxd6 22. Qf4 Kc7 23. Bg4 Be4 24. f3 Bf5 1/2-1/2

[Event "Oberliga Wuerttemberg 0708"]
[Site "Wuerttemberg"]
[Date "2007.12.09"]
[Round "4.3"]
[White "Haecker, Alexander"]
[Black "Sonnberger, Reinhard"]
[Result "1/2-1/2"]
[WhiteElo "2234"]
[BlackElo "2215"]
[PlyCount "51"]
[EventDate "2007.10.07"]
[EventType "team-tourn"]
[EventRounds "9"]
[EventCountry "GER"]
[SourceTitle "EXT 2018"]
[Source "ChessBase"]
[SourceDate "2017.10.13"]
[SourceVersion "1"]
[SourceVersionDate "2017.10.13"]
[SourceQuality "1"]
[WhiteTeam "Wolfbusch"]
[BlackTeam "Tuebingen"]
[WhiteTeamCountry "GER"]
[BlackTeamCountry "GER"]

1. e4 c6 2. d4 d5 3. Nc3 dxe4 4. Nxe4 Nd7 5. Nf3 Ngf6 6. Nxf6+ Nxf6 7. Ne5 Nd7 8. Nf3 Nf6 9. Be2 Bf5 10. 0-0 e6 11. c4 h6 12. Ne5 Bd6 13. Be3 Qc7 14. f4 c5 15. Qa4+ Ke7 16. Bf3 Rhd8 17. Kh1 Be4 18. Qb5 Bxf3 19. Rxf3 a6 20. Qb3 Rab8 21. Qc2 cxd4 22. Bxd4 Bc5 23. Bc3 Bd4 24. Bb4+ Bc5 25. Bc3 Bd4 26. Bb4+ 1/2-1/2

[Event "AUT-chT2W 9900"]
[Site "Austria"]
[Date "2000.03.04"]
[Round "10"]
[White "Sonnberger, Reinhard"]
[Black "Pilz, Dieter"]
[Result "0-1"]
[WhiteElo "2260"]
[BlackElo "2269"]
[PlyCount "80"]
[EventDate "1999.10.15"]
[EventType "team"]
[EventRounds "11"]
[EventCountry "AUT"]
[SourceTitle "EXT 2000"]
[Source "ChessBase"]
[SourceDate "1999.11.16"]
[SourceVersion "1"]
[SourceVersionDate "1999.11.16"]
[SourceQuality "1"]

1. e4 e5 2. Nf3 Nc6 3. Bb5 Nge7 4. c3 d6 5. d4 Bd7 6. 0-0 Ng6 7. dxe5 dxe5 8. Be3 Bd6 9. Nbd2 a6 10. Ba4 b5 11. Bb3 0-0 12. Ng5 h6 13. Qh5 Qf6 14. Bd5 hxg5 15. Bxg5 Nf4 16. Qh4 Qg6 17. Bxf4 exf4 18. g3 Rae8 19. Kh1 Qh7 20. Qxh7+ Kxh7 21. a4 Ne7 22. Bb3 f5 23. Rfe1 fxe4 24. Nxe4 Bc6 25. Kg1 Bxe4 26. Rxe4 Nf5 27. Bc2 g6 28. Rxe8 Rxe8 29. Bd3 fxg3 30. hxg3 Re5 31. axb5 axb5 32. Ra5 Rd5 33. Bf1 c6 34. Ra6 Ne7 35. c4 bxc4 36. Bxc4 Rd2 37. b3 Bc5 38. Kg2 Rxf2+ 39. Kh3 Kh6 40. Kg4 Bd6 0-1

[Event "AUT-chT2W 9900"]
[Site "Austria"]
[Date "1999.11.21"]
[Round "6"]
[White "Ferrari, Josef"]
[Black "Sonnberger, Reinhard"]
[Result "1/2-1/2"]
[WhiteElo "2115"]
[BlackElo "2240"]
[PlyCount "157"]
[EventDate "1999.10.15"]
[EventType "team"]
[EventRounds "11"]
[EventCountry "AUT"]
[SourceTitle "EXT 2000"]
[Source "ChessBase"]
[SourceDate "1999.11.16"]
[SourceVersion "1"]
[SourceVersionDate "1999.11.16"]
[SourceQuality "1"]

1. d4 d5 2. Nf3 Nf6 3. g3 e6 4. Bg2 Be7 5. c4 0-0 6. 0-0 dxc4 7. Qc2 a6 8. Qxc4 b5 9. Qc2 Bb7 10. Bf4 Nd5 11. Nc3 Nxf4 12. gxf4 g6 13. Rad1 Nd7 14. d5 exd5 15. Nxd5 c6 16. Nb6 Qxb6 17. Rxd7 Bf6 18. Ne5 Rad8 19. Rfd1 Bxe5 20. fxe5 Rxd7 21. Rxd7 Re8 22. Qb3 Rf8 23. e6 Bc8 24. exf7+ Kg7 25. Qc3+ Kh6 26. Re7 c5 27. Bd5 Qd6 28. Re8 Qxd5 29. Qe3+ Kg7 30. Rxf8 Qd1+ 31. Kg2 Bh3+ 32. Qxh3 Qd5+ 33. f3 Kxf8 34. Qxh7 Qxf7 35. Qh8+ Ke7 36. Qe5+ Kd7 37. Qxc5 Qxa2 38. Qd4+ Kc6 39. Kf2 a5 40. Qf6+ Kc5 41. Qe7+ Kc6 42. Qe8+ Kc5 43. Qf8+ Kc6 44. Qc8+ Kb6 45. Qd8+ Kc5 46. Qc7+ Kb4 47. Qc3+ Ka4 48. e4 b4 49. Qc2+ Kb5 50. Ke3 a4 51. Qd3+ Kc6 52. Qa6+ Kd7 53. Qb5+ Kd8 54. Qxb4 Qb1 55. Qd2+ Ke8 56. Kf4 Qg1 57. Qc2 Qd4 58. Qc8+ Kf7 59. Qc7+ Kf8 60. Qb8+ Kf7 61. Qb7+ Kf6 62. Qc6+ Kg7 63. Qb5 Qd2+ 64. Kg3 Qe1+ 65. Kh3 Qe3 66. Qe5+ Kh7 67. Kg4 Qe2 68. Qe7+ Kh6 69. Qh4+ Kg7 70. Qe7+ Kh6 71. Qf8+ Kh7 72. Qf7+ Kh6 73. Qf4+ Kg7 74. Kg5 Qg2+ 75. Qg3 Qd2+ 76. Qf4 Qg2+ 77. Kh4 Qxb2 78. Qc7+ Kh6 79. Qf4+ 1/2-1/2

[Event "AUT-chT2W 9900"]
[Site "Austria"]
[Date "1999.11.19"]
[Round "4"]
[White "Sonnberger, Reinhard"]
[Black "Stangl, Markus"]
[Result "0-1"]
[WhiteElo "2154"]
[BlackElo "2548"]
[PlyCount "74"]
[EventDate "1999.10.15"]
[EventType "team"]
[EventRounds "11"]
[EventCountry "AUT"]
[SourceTitle "EXT 2000"]
[Source "ChessBase"]
[SourceDate "1999.11.16"]
[SourceVersion "1"]
[SourceVersionDate "1999.11.16"]
[SourceQuality "1"]

1. e4 c5 2. Nf3 d6 3. d4 cxd4 4. Nxd4 Nf6 5. Nc3 a6 6. Be2 g6 7. Be3 Bg7 8. Qd2 Nc6 9. 0-0-0 Bd7 10. h4 h5 11. f3 Ne5 12. Nb3 Rc8 13. Bg5 b5 14. Rhe1 0-0 15. Kb1 Re8 16. Nd4 Rc5 17. Nb3 Rc8 18. Nd4 Rb8 19. Nd5 Nxd5 20. exd5 Qb6 21. Bf1 Nc4 22. Qf2 Kf8 23. c3 Qc5 24. Bxc4 bxc4 25. Qe2 Kg8 26. Qe4 Qa3 27. Bc1 Qxc3 28. g4 f5 29. Qf4 fxg4 30. Re3 Qb4 31. Qg5 c3 32. Re4 Qa3 33. b3 c2+ 34. Kxc2 Qxa2+ 35. Bb2 Rbc8+ 36. Kd3 Qxb2 37. Qxg6 Rc3# 0-1

[Event "Staufer op 11th"]
[Site "Schwaebisch Gmuend"]
[Date "1999.??.??"]
[Round "3"]
[White "Sonnberger, Reinhard"]
[Black "Grill, Bernd"]
[Result "1/2-1/2"]
[WhiteElo "2305"]
[BlackElo "2080"]
[PlyCount "30"]
[EventDate "1999.01.02"]
[EventType "swiss"]
[EventRounds "9"]
[EventCountry "GER"]
[SourceTitle "CBM 068 Extra"]
[Source "ChessBase"]
[SourceDate "1999.03.01"]
[SourceVersion "1"]
[SourceVersionDate "1999.03.01"]
[SourceQuality "1"]

1. c4 Nf6 2. b3 e6 3. Bb2 d5 4. e3 Be7 5. Nf3 0-0 6. Qc2 Nbd7 7. Be2 c6 8. 0-0 b6 9. d3 Bb7 10. Nbd2 c5 11. Rac1 Rc8 12. Qb1 Rc7 13. Ne5 Nxe5 14. Bxe5 Bd6 15. Bb2 d4 1/2-1/2

[Event "AUT-chT3 9798"]
[Site "Vorarlberg "]
[Date "1998.01.30"]
[Round "7"]
[White "Amann, Harald"]
[Black "Sonnberger, Reinhard"]
[Result "1-0"]
[WhiteElo "2034"]
[BlackElo "2169"]
[PlyCount "85"]
[EventDate "1997.??.??"]
[EventType "team-tourn"]
[EventRounds "9"]
[EventCountry "AUT"]
[SourceTitle "EXT 1999"]
[Source "ChessBase"]
[SourceDate "1998.11.16"]
[SourceVersion "1"]
[SourceVersionDate "1998.11.16"]
[SourceQuality "1"]

1. f4 e5 2. fxe5 d6 3. exd6 Bxd6 4. Nf3 g5 5. g3 g4 6. Nh4 Ne7 7. e4 Ng6 8. Nf5 Bxf5 9. exf5 Qe7+ 10. Be2 Nc6 11. Nc3 0-0-0 12. 0-0 Nge5 13. Bxg4 f6 14. Bh3 h5 15. d3 Rdg8 16. Kh1 Ng4 17. Ne4 Nce5 18. d4 Nf7 19. Qf3 Nxh2 20. Kxh2 h4 21. Nxd6+ Qxd6 22. Bf4 hxg3+ 23. Kg2 Qxd4 24. Rae1 Qxb2 25. Qb3 Qxb3 26. cxb3 Ng5 27. Bxg5 Rxg5 28. Re3 Rhg8 29. Rff3 Rd8 30. Rd3 c5 31. Rxd8+ Kxd8 32. Rxg3 Rxg3+ 33. Kxg3 Ke7 34. Kf4 Kd6 35. Ke4 b5 36. Bf1 Kc6 37. Be2 a6 38. Bd3 Kd6 39. Bf1 Kc6 40. a3 Kd6 41. a4 Kc6 42. axb5+ axb5 43. Be2 1-0

[Event "Staufer op 10th"]
[Site "Schwaebisch Gmuend"]
[Date "1998.??.??"]
[Round "6"]
[White "Braun, Siegmund"]
[Black "Sonnberger, Reinhard"]
[Result "1-0"]
[WhiteElo "2120"]
[BlackElo "2290"]
[PlyCount "107"]
[EventDate "1998.01.??"]
[EventType "swiss"]
[EventRounds "9"]
[EventCountry "GER"]
[SourceTitle "CBM 062 Extra"]
[Source "ChessBase"]
[SourceDate "1998.03.09"]
[SourceVersion "1"]
[SourceVersionDate "1998.03.09"]
[SourceQuality "1"]

1. Nf3 Nf6 2. g3 g6 3. Bg2 Bg7 4. 0-0 0-0 5. c4 d6 6. d4 Nc6 7. d5 Na5 8. Nfd2 c5 9. a3 b5 10. cxb5 a6 11. b4 Nb7 12. bxa6 Rxa6 13. Bb2 Bd7 14. Nc3 cxb4 15. axb4 Rxa1 16. Qxa1 Qb6 17. Nce4 Qxb4 18. Nxf6+ exf6 19. Bc3 Qa4 20. Bxf6 Qxa1 21. Bxa1 Nc5 22. Bxg7 Kxg7 23. Nc4 Bb5 24. Nxd6 Bxe2 25. Re1 Rd8 26. Nxf7 Kxf7 27. Rxe2 g5 28. Rc2 Nd7 29. Rc7 Kf6 30. f4 gxf4 31. gxf4 Nf8 32. Be4 Ng6 33. Rc6+ Kf7 34. Bxg6+ hxg6 35. d6 Ke6 36. Kf2 Kd5 37. Ra6 Ke4 38. Kg3 Kf5 39. h4 Rd7 40. Ra5+ Kf6 41. Rd5 Ke6 42. Rg5 Kf6 43. h5 gxh5 44. Rxh5 Ke6 45. Rh6+ Kf5 46. Rh5+ Ke6 47. Kg4 Kxd6 48. Rh6+ Kd5 49. Kf5 Rf7+ 50. Rf6 Rg7 51. Rf8 Rg1 52. Rd8+ Kc6 53. Kf6 Kc7 54. Rd2 1-0

[Event "Staufer op 10th"]
[Site "Schwaebisch Gmuend"]
[Date "1998.??.??"]
[Round "4"]
[White "Prusikin, Michael"]
[Black "Sonnberger, Reinhard"]
[Result "1-0"]
[WhiteElo "2430"]
[BlackElo "2290"]
[PlyCount "45"]
[EventDate "1998.01.??"]
[EventType "swiss"]
[EventRounds "9"]
[EventCountry "GER"]
[SourceTitle "CBM 062 Extra"]
[Source "ChessBase"]
[SourceDate "1998.03.09"]
[SourceVersion "1"]
[SourceVersionDate "1998.03.09"]
[SourceQuality "1"]

1. d4 Nf6 2. c4 g6 3. Nc3 Bg7 4. e4 d6 5. Nf3 0-0 6. Be2 e5 7. d5 a5 8. h3 Na6 9. Bg5 Nc5 10. Qc2 h6 11. Be3 Ne8 12. g4 f5 13. gxf5 gxf5 14. Rg1 Qf6 15. Nd2 f4 16. Bxc5 dxc5 17. Bg4 Bxg4 18. hxg4 Nd6 19. Nf3 Nxc4 20. Nb5 Ne3 21. Qe2 Nxd5 22. g5 Qxg5 23. exd5 1-0

[Event "Dortmund Sparkassen op"]
[Site "Dortmund"]
[Date "1998.??.??"]
[Round "?"]
[White "Sonnberger, Reinhard"]
[Black "Siemes, Robert"]
[Result "1/2-1/2"]
[WhiteElo "2290"]
[BlackElo "2145"]
[PlyCount "75"]
[EventDate "1998.06.??"]
[EventType "swiss"]
[EventRounds "11"]
[EventCountry "GER"]
[SourceTitle "EXT 2002"]
[Source "ChessBase"]
[SourceDate "2001.11.25"]
[SourceVersion "1"]
[SourceVersionDate "2001.11.25"]
[SourceQuality "1"]

1. e4 c5 2. Nf3 d6 3. d4 cxd4 4. Nxd4 Nf6 5. Nc3 a6 6. f4 e5 7. Nf3 Qc7 8. a4 b6 9. Bd3 Nbd7 10. 0-0 Be7 11. Kh1 Bb7 12. Qe1 0-0 13. Nh4 g6 14. fxe5 Nxe5 15. Bg5 Nfg4 16. Bxe7 Qxe7 17. Qg3 Kh8 18. Rae1 Nf6 19. Nf3 Rac8 20. Qf2 Nfd7 21. Qe3 Rc5 22. Qe2 Nxd3 23. Qxd3 Ne5 24. Qd4 Kg8 25. Rd1 Rfc8 26. Nxe5 dxe5 27. Qd7 R8c7 28. Qxe7 Rxe7 29. Rd6 Rc6 30. Rff6 Rec7 31. Kg1 Kf8 32. Kf1 Ke8 33. g4 Rxd6 34. Rxd6 Rc6 35. Rxc6 Bxc6 36. g5 Ke7 37. Ke2 Ke6 38. Ke3 1/2-1/2